[Event "FIDE World Rapid-ch Open 2018"]
[White "Zubritskiy, Artyom"]
[Black "Mamatov, Melis"]
[Site "St. Petersburg"]
[Round "14.95"]
[Annotator "NA"]
[Result "1-0"]
[Date "2018.12.28"]
[WhiteElo "2442"]
[BlackElo "2223"]
[PlyCount "113"]
[TimeControl "900+10"]

1. c4 {[%emt 0:0:0]} c6 {[%emt 0:0:0]} 2. g3 {[%emt 0:0:0]} d5 {[%emt 0:0:0]} 3. Bg2 {[%emt 0:0:0]} Nf6 {[%emt 0:0:0]} 4. Nf3 {[%emt 0:0:0]} Bf5 {[%emt 0:0:5]} 5. b3 {[%emt 0:0:37]} e6 {[%emt 0:0:13]} 6. 0-0 {[%emt 0:0:8]
} Nbd7 {[%emt 0:0:3]} 7. d3 {[%emt 0:0:15]} h6 {[%emt 0:0:7]
} 8. Bb2 {[%emt 0:0:1]} Be7 {[%emt 0:0:5]} 9. Nbd2 {[%emt 0:0:3]} 0-0 {[%emt 0:0:7]
} 10. Qc2 {[%emt 0:0:19]} a5 {[%emt 0:0:3]} 11. a3 {[%emt 0:0:0]} Bg6 {[%emt 0:0:19]} 12. Rad1 {[%emt 0:0:14]} b5 {[%emt 0:0:10]} 13. Nd4 {[%emt 0:8:6]} Qb6 {[%emt 0:0:30]} 14. cxd5 {[%emt 0:0:4]} cxd5 {[%emt 0:0:14]
} 15. Qc6 {[%emt 0:0:5]} b4 {[%emt 0:1:2]} 16. Qxb6 {[%emt 0:0:0]} Nxb6 {[%emt 0:0:4]} 17. Nc6 {[%emt 0:0:43]} Bd6 {[%emt 0:0:30]} 18. a4 {[%emt 0:0:33]} Rfc8 {[%emt 0:0:22]} 19. Rc1 {[%emt 0:0:2]} Nbd7 {[%emt 0:0:29]
} 20. Rc2 {[%emt 0:0:46]} Kf8 {[%emt 0:4:51]} 21. Rfc1 {[%emt 0:0:5]
} Ke8 {[%emt 0:0:5]} 22. Nxb4 {[%emt 0:0:15]} Nc5 {[%emt 0:0:0]} 23. Na2 {[%emt 0:1:7]} Kd7 {[%emt 0:0:32]} 24. Bd4 {[%emt 0:1:14]} Na6 {[%emt 0:1:10]} 25. Rxc8 {[%emt 0:0:1]} Rxc8 {[%emt 0:0:1]} 26. Rxc8 {[%emt 0:0:2]
} Kxc8 {[%emt 0:0:1]} 27. Bc3 {[%emt 0:1:46]} Bb4 {[%emt 0:0:0]} 28. Nxb4 {[%emt 0:0:12]} axb4 {[%emt 0:0:1]} 29. Bd4 {[%emt 0:0:23]} Ne8 {[%emt 0:0:1]} 30. e4 {[%emt 0:0:29]} f6 {[%emt 0:0:52]} 31. Bh3 {[%emt 0:0:11]
} f5 {[%emt 0:2:29]} 32. exd5 {[%emt 0:0:1]} exd5 {[%emt 0:0:0]} 33. Nf1 {[%emt 0:0:31]} Kd7 {[%emt 0:0:30]} 34. Ne3 {[%emt 0:0:2]} Ke6 {[%emt 0:0:1]} 35. Kf1 {[%emt 0:1:8]} Bh7 {[%emt 0:0:6]} 36. Ke2 {[%emt 0:0:31]
} g6 {[%emt 0:0:1]} 37. f4 {[%emt 0:0:11]} Bg8 {[%emt 0:0:11]
} 38. g4 {[%emt 0:0:6]} Bh7 {[%emt 0:1:48]} 39. Kd2 {[%emt 0:0:8]} Nec7 {[%emt 0:0:17]
} 40. gxf5+ {[%emt 0:0:18]} gxf5 {[%emt 0:0:1]} 41. Nc2 {[%emt 0:0:3]
} Bg6 {[%emt 0:0:8]} 42. Bg7 {[%emt 0:0:2]} Nc5 {[%emt 0:0:0]} 43. Nd4+ {[%emt 0:0:2]} Kf7 {[%emt 0:0:16]} 44. Bxh6 {[%emt 0:0:2]} N7e6 {[%emt 0:0:28]} 45. Nxe6 {[%emt 0:0:5]} Kxe6 {[%emt 0:0:1]} 46. Kc2 {[%emt 0:0:9]
} Kd7 {[%emt 0:0:13]} 47. Bf8 {[%emt 0:0:4]} Ne6 {[%emt 0:0:0]} 48. Bxb4 {[%emt 0:0:6]} Nxf4 {[%emt 0:0:1]} 49. Bf1 {[%emt 0:0:1]} Ne6 {[%emt 0:0:23]} 50. Bc3 {[%emt 0:0:16]} d4 {[%emt 0:0:12]} 51. Be1 {[%emt 0:0:8]
} f4 {[%emt 0:0:1]} 52. Bh3 {[%emt 0:0:26]} Kd6 {[%emt 0:0:0]} 53. Bxe6 {[%emt 0:0:20]} Kxe6 {[%emt 0:0:0]} 54. Bf2 {[%emt 0:0:3]} Kd5 {[%emt 0:0:5]} 55. b4 {[%emt 0:0:2]} f3 {[%emt 0:0:7]} 56. h4 {[%emt 0:0:11]
} Be8 {[%emt 0:0:19]} 57. a5 {[%emt 0:0:2]} 1-0

[Event "FIDE World Rapid-ch Open 2018"]
[White "Masrahi, Abdulrahman A"]
[Black "Hirneise, Tobias"]
[Site "St. Petersburg"]
[Round "14.96"]
[Annotator "ChessBase"]
[Result "0-1"]
[Date "2018.12.28"]
[WhiteElo "1903"]
[BlackElo "2464"]
[PlyCount "38"]
[TimeControl "900+10"]

1. d4 {[%emt 0:0:0]} Nf6 {[%emt 0:0:0]} 2. Bf4 {[%emt 0:0:0]} g6 {[%emt 0:0:0]
} 3. e3 {[%emt 0:0:0]} Bg7 {[%emt 0:0:0]} 4. Nf3 {[%emt 0:0:0]} 0-0 {[%emt 0:0:0]} 5. Be2 {[%emt 0:0:0]} d6 {[%emt 0:0:0]} 6. h3 {[%emt 0:0:0]
} c5 {[%emt 0:0:0]} 7. c3 {[%emt 0:0:0]} Be6 {[%emt 0:0:2]} 8. 0-0 {[%emt 0:1:23]} Qb6 {[%emt 0:0:1]} 9. Qc1 {[%emt 0:0:1]} Rc8 {[%emt 0:0:14]
} 10. Nbd2 {[%emt 0:0:5]} cxd4 {[%emt 0:0:10]} 11. exd4 {[%emt 0:0:2]
} Nd5 {[%emt 0:0:1]} 12. Be3 {[%emt 0:0:17]} Nxe3 {[%emt 0:0:0]} 13. fxe3 {[%emt 0:0:2]} h6 {[%emt 0:0:19]} 14. Kh1 {[%emt 0:0:27]} Nc6 {[%emt 0:0:39]} 15. Ne4 {[%emt 0:2:0]} f5 {[%emt 0:1:1]} 16. Ng3 {[%emt 0:0:0]} Rf8 {[%emt 0:0:10]} 17. Qd2 {[%emt 0:0:5]} d5 {[%emt 0:0:8]} 18. Bd3 {[%emt 0:0:15]} Qc7 {[%emt 0:0:14]} 19. Rae1 {[%emt 0:0:34]} Qxg3 {[%emt 0:0:11]
} 0-1

[Event "FIDE World Rapid-ch Open 2018"]
[White "Ahmed Hassan Abdillahi"]
[Black "Gurvich, Vitaly"]
[Site "St. Petersburg"]
[Round "14.97"]
[Annotator "NA"]
[Result "0-1"]
[Date "2018.12.28"]
[WhiteElo "1570"]
[BlackElo "2270"]
[PlyCount "54"]
[TimeControl "900+10"]

1. d4 {[%emt 0:0:0]} Nf6 {[%emt 0:0:0]} 2. c4 {[%emt 0:0:0]} e6 {[%emt 0:0:0]} 3. Nf3 {[%emt 0:0:0]} Bb4+ {[%emt 0:0:0]} 4. Nc3 {[%emt 0:0:3]} b6 {[%emt 0:0:0]} 5. a3 {[%emt 0:0:5]} Bxc3+ {[%emt 0:0:0]} 6. bxc3 {[%emt 0:0:3]
} Bb7 {[%emt 0:0:0]} 7. Bg5 {[%emt 0:0:8]} h6 {[%emt 0:0:1]
} 8. Bh4 {[%emt 0:0:2]} d6 {[%emt 0:0:2]} 9. e3 {[%emt 0:0:4]} Nbd7 {[%emt 0:0:3]
} 10. Bd3 {[%emt 0:0:5]} g5 {[%emt 0:0:4]} 11. Bg3 {[%emt 0:0:0]} Ne4 {[%emt 0:0:2]} 12. Qc2 {[%emt 0:0:8]} f5 {[%emt 0:0:5]} 13. 0-0 {[%emt 0:0:9]} Qe7 {[%emt 0:0:4]} 14. Nd2 {[%emt 0:0:13]} Ndf6 {[%emt 0:0:13]
} 15. h3 {[%emt 0:0:19]} 0-0-0 {[%emt 0:0:19]} 16. a4 {[%emt 0:0:0]} a5 {[%emt 0:0:2]} 17. Nb3 {[%emt 0:0:22]} Nxg3 {[%emt 0:0:21]} 18. fxg3 {[%emt 0:0:3]} h5 {[%emt 0:0:2]} 19. c5 {[%emt 0:0:2]} dxc5 {[%emt 0:0:5]
} 20. dxc5 {[%emt 0:0:9]} Ne4 {[%emt 0:1:19]} 21. cxb6 {[%emt 0:0:14]
} cxb6 {[%emt 0:0:1]} 22. Nd4 {[%emt 0:0:3]} h4 {[%emt 0:0:0]} 23. g4 {[%emt 0:0:19]} Ng3 {[%emt 0:0:22]} 24. Rf2 {[%emt 0:0:8]} fxg4 {[%emt 0:0:10]} 25. hxg4 {[%emt 0:0:3]} h3 {[%emt 0:0:12]} 26. gxh3 {[%emt 0:0:2]
} Rxh3 {[%emt 0:0:7]} 27. Nxe6 {[%emt 0:0:7]} Rh1# {[%emt 0:0:0]} 0-1

[Event "FIDE World Rapid-ch Open 2018"]
[White "Vorotnikov, Vladislav V"]
[Black "Al Thebaiti, Ahmed M"]
[Site "St. Petersburg"]
[Round "14.98"]
[Annotator "NA"]
[Result "1/2-1/2"]
[Date "2018.12.28"]
[WhiteElo "2417"]
[BlackElo "1976"]
[PlyCount "97"]
[TimeControl "900+10"]

1. e4 {[%emt 0:0:0]} d5 {[%emt 0:1:5]} 2. Nc3 {[%emt 0:0:14]} d4 {[%emt 0:0:0]} 3. Nce2 {[%emt 0:0:7]} e5 {[%emt 0:0:6]} 4. Ng3 {[%emt 0:0:6]} c5 {[%emt 0:1:17]} 5. Bc4 {[%emt 0:0:6]} Bd6 {[%emt 0:0:9]} 6. d3 {[%emt 0:0:0]} Nf6 {[%emt 0:0:11]} 7. Nf3 {[%emt 0:0:42]} 0-0 {[%emt 0:0:6]} 8. 0-0 {[%emt 0:0:5]} Nc6 {[%emt 0:0:11]} 9. a4 {[%emt 0:0:26]} Be6 {[%emt 0:0:0]} 10. Nd2 {[%emt 0:0:18]} Bxc4 {[%emt 0:0:7]} 11. Nxc4 {[%emt 0:0:1]
} Re8 {[%emt 0:1:27]} 12. Nf5 {[%emt 0:0:18]} Bf8 {[%emt 0:0:6]} 13. f4 {[%emt 0:0:23]
} g6 {[%emt 0:2:14]} 14. fxe5 {[%emt 0:0:40]} Nxe5 {[%emt 0:0:0]} 15. Nxe5 {[%emt 0:0:16]} Rxe5 {[%emt 0:0:8]} 16. Bf4 {[%emt 0:0:19]} Re6 {[%emt 0:0:18]} 17. Nh6+ {[%emt 0:0:22]} Bxh6 {[%emt 0:1:13]} 18. Bxh6 {[%emt 0:0:2]
} Qd7 {[%emt 0:0:26]} 19. b3 {[%emt 0:0:12]} Ne8 {[%emt 0:0:0]} 20. Qg4 {[%emt 0:0:29]} Rd6 {[%emt 0:0:40]} 21. Qg3 {[%emt 0:0:14]} b6 {[%emt 0:1:52]} 22. Rf3 {[%emt 0:0:43]} Rf6 {[%emt 0:0:50]} 23. Raf1 {[%emt 0:0:45]
} Rxf3 {[%emt 0:0:6]} 24. Rxf3 {[%emt 0:0:8]} Rc8 {[%emt 0:0:0]} 25. h4 {[%emt 0:0:32]} Rc6 {[%emt 0:0:26]} 26. h5 {[%emt 0:0:20]} Rf6 {[%emt 0:0:51]} 27. Rxf6 {[%emt 0:0:39]} Nxf6 {[%emt 0:0:2]} 28. Qb8+ {[%emt 0:0:10]
} Ne8 {[%emt 0:0:14]} 29. Qe5 {[%emt 0:0:40]} f6 {[%emt 0:0:0]} 30. Qg3 {[%emt 0:0:33]} Kf7 {[%emt 0:0:15]} 31. hxg6+ {[%emt 0:0:18]} hxg6 {[%emt 0:0:1]} 32. Bf4 {[%emt 0:0:14]} Ng7 {[%emt 0:0:9]} 33. Bb8 {[%emt 0:0:17]
} Ne6 {[%emt 0:0:26]} 34. Qh2 {[%emt 0:0:30]} Kg7 {[%emt 0:0:0]} 35. Qd6 {[%emt 0:0:38]} Qxd6 {[%emt 0:0:8]} 36. Bxd6 {[%emt 0:0:2]} Nd8 {[%emt 0:0:2]} 37. a5 {[%emt 0:0:26]} Nb7 {[%emt 0:0:31]} 38. axb6 {[%emt 0:1:23]
} axb6 {[%emt 0:0:2]} 39. Bc7 {[%emt 0:0:1]} b5 {[%emt 0:0:0]} 40. Kf2 Kf7 41. Kf3 {[%emt 0:0:46]} Ke6 {[%emt 0:0:2]} 42. Bb6 {[%emt 0:1:40]
} Ke5 {[%emt 0:0:36]} 43. g3 {[%emt 0:1:15]} b4 {[%emt 0:0:40]
} 44. Bc7+ {[%emt 0:0:14]} Ke6 {[%emt 0:0:3]} 45. Kf4 {[%emt 0:0:12]} Kd7 {[%emt 0:0:16]
} 46. e5 {[%emt 0:2:8]} f5 {[%emt 0:0:45]} 47. Bb8 {[%emt 0:0:0]} Ke6 {[%emt 0:0:17]} 48. Kg5 {[%emt 0:0:18]} Kf7 {[%emt 0:0:13]} 49. Bc7 1/2-1/2

[Event "FIDE World Rapid-ch Open 2018"]
[White "khayat, Abdullah F"]
[Black "Dubrovin, Robert"]
[Site "St. Petersburg"]
[Round "14.99"]
[Annotator "NA"]
[Result "0-1"]
[Date "2018.12.28"]
[WhiteElo "1723"]
[BlackElo "2220"]
[PlyCount "58"]
[TimeControl "900+10"]

1. d4 {[%emt 0:1:9]} Nf6 {[%emt 0:0:0]} 2. c4 {[%emt 0:0:2]} g6 {[%emt 0:0:0]} 3. Nc3 Bg7 4. e4 {[%emt 0:0:7]} d6 {[%emt 0:0:0]} 5. Nf3 {[%emt 0:0:0]} 0-0 {[%emt 0:0:0]} 6. Be2 {[%emt 0:0:9]} Nbd7 {[%emt 0:0:0]} 7. 0-0 e5 8. dxe5 {[%emt 0:0:9]} dxe5 {[%emt 0:0:0]} 9. Qc2 {[%emt 0:0:10]} c6 {[%emt 0:0:0]} 10. Be3 {[%emt 0:0:9]} Qe7 {[%emt 0:0:8]} 11. Rfd1 {[%emt 0:0:9]
} a5 {[%emt 0:0:22]} 12. a4 {[%emt 0:0:24]} Nc5 {[%emt 0:0:21]
} 13. Rd2 {[%emt 0:0:40]} h6 {[%emt 0:2:9]} 14. h3 {[%emt 0:0:22]} Nh5 {[%emt 0:0:14]
} 15. Rad1 {[%emt 0:0:49]} Nf4 {[%emt 0:0:34]} 16. Bf1 {[%emt 0:2:28]
} Re8 {[%emt 0:0:28]} 17. Rd6 {[%emt 0:1:25]} Nfe6 {[%emt 0:0:0]} 18. Qc1 {[%emt 0:0:49]} Nb3 {[%emt 0:1:4]} 19. Qc2 {[%emt 0:0:14]} Nbd4 {[%emt 0:0:20]} 20. Bxd4 {[%emt 0:1:50]} exd4 {[%emt 0:0:13]} 21. Rxe6 {[%emt 0:2:5]} Bxe6 {[%emt 0:0:18]} 22. Nxd4 {[%emt 0:0:7]} Rad8 {[%emt 0:0:0]} 23. Nxe6 {[%emt 0:0:4]} Qxe6 {[%emt 0:0:3]} 24. Rxd8 {[%emt 0:0:0]} Rxd8 {[%emt 0:0:1]} 25. f3 {[%emt 0:0:4]} Qd6 {[%emt 0:0:19]} 26. Qb3 {[%emt 0:0:20]} Qc5+ {[%emt 0:0:1]} 27. Kh1 {[%emt 0:0:18]} Qf2 {[%emt 0:0:0]} 28. Be2 {[%emt 0:0:21]} Qe1+ {[%emt 0:0:2]} 29. Kh2 {[%emt 0:0:9]} Be5+ {[%emt 0:0:1]} 0-1

[Event "FIDE World Rapid-ch Open 2018"]
[White "Alsulaymi, Abdullah M"]
[Black "Al Turky, Fahad A"]
[Site "St. Petersburg"]
[Round "14.100"]
[Annotator "NA"]
[Result "1-0"]
[Date "2018.12.28"]
[WhiteElo "1833"]
[BlackElo "1836"]
[PlyCount "73"]
[TimeControl "900+10"]

1. e4 {[%emt 0:0:20]} c5 {[%emt 0:0:0]} 2. b4 {[%emt 0:0:2]} e5 {[%emt 0:0:0]} 3. bxc5 {[%emt 0:0:10]} Bxc5 {[%emt 0:0:6]} 4. Nf3 {[%emt 0:0:5]} Nc6 {[%emt 0:0:4]} 5. Bb2 {[%emt 0:0:9]} d6 {[%emt 0:0:37]} 6. Be2 {[%emt 0:0:30]
} Bxf2+ {[%emt 0:1:54]} 7. Kxf2 {[%emt 0:0:29]} Qb6+ {[%emt 0:0:0]} 8. Ke1 {[%emt 0:0:28]} Qxb2 {[%emt 0:0:2]} 9. Nc3 {[%emt 0:0:3]} Qb6 {[%emt 0:1:31]} 10. Rb1 {[%emt 0:0:15]} Qd8 {[%emt 0:0:4]} 11. Bc4 {[%emt 0:0:16]
} Nf6 {[%emt 0:1:45]} 12. d3 {[%emt 0:1:14]} 0-0 {[%emt 0:0:0]} 13. h3 {[%emt 0:0:11]} Nh5 {[%emt 0:0:44]} 14. Nd5 {[%emt 0:0:30]} Be6 {[%emt 0:1:44]} 15. Rxb7 {[%emt 0:0:34]} Na5 {[%emt 0:1:22]} 16. Rb1 {[%emt 0:4:27]
} Nxc4 {[%emt 0:0:4]} 17. dxc4 {[%emt 0:0:2]} f5 {[%emt 0:0:0]} 18. exf5 {[%emt 0:0:41]} Bf7 {[%emt 0:3:10]} 19. h4 {[%emt 0:1:15]} Ng3 {[%emt 0:0:4]} 20. Rh3 {[%emt 0:0:15]} Nxf5 {[%emt 0:0:1]} 21. Ng5 {[%emt 0:0:32]
} h6 {[%emt 0:1:8]} 22. Nxf7 {[%emt 0:0:22]} Rxf7 {[%emt 0:0:0]} 23. Qg4 {[%emt 0:0:35]} Qa5+ {[%emt 0:0:41]} 24. c3 {[%emt 0:0:30]} Qxa2 {[%emt 0:0:17]} 25. Rd1 {[%emt 0:0:9]} Raf8 {[%emt 0:0:20]} 26. Rf3 {[%emt 0:0:11]
} Qa5 {[%emt 0:1:0]} 27. Rxf5 {[%emt 0:0:4]} Rxf5 {[%emt 0:0:0]} 28. Ne7+ {[%emt 0:0:2]} Kh7 {[%emt 0:0:11]} 29. Nxf5 {[%emt 0:0:2]
} Qxc3+ {[%emt 0:0:2]} 30. Rd2 {[%emt 0:0:8]} g6 {[%emt 0:0:38]} 31. Ne7 {[%emt 0:2:26]
} Rf6 {[%emt 0:0:15]} 32. h5 {[%emt 0:0:27]} g5 {[%emt 0:0:12]
} 33. Qe4+ {[%emt 0:0:30]} Kg7 {[%emt 0:0:6]} 34. Nf5+ {[%emt 0:0:3]} Kf8 {[%emt 0:0:24]} 35. Qa8+ {[%emt 0:0:8]} Kf7 {[%emt 0:0:2]} 36. Qb7+ {[%emt 0:0:6]
} Ke6 {[%emt 0:0:19]} 37. Ng7# {[%emt 0:0:7] Kd5} 1-0